[Event "2nd Mix Bassano 2021"]
[Site "Bassano del Grappa"]
[Date "2021.03.25"]
[Round "3.7"]
[White "Bjerre, Jonas Buhl"]
[Black "Deuer, Marius"]
[Result "1-0"]
[WhiteElo "2549"]
[BlackElo "2231"]
[Annotator "ChessBase"]
[PlyCount "87"]
[EventDate "2021.03.24"]
[EventType "swiss"]
[EventCountry "ITA"]
[SourceTitle "playchess.com"]
[Source "ChessBase"]
[SourceQuality "1"]
[TimeControl "5400+30"]

1. d4 {[%emt 0:00:01]} Nf6 {[%emt 0:00:00]} 2. c4 {[%emt 0:00:07]} e6 {[%emt 0:00:00]} 3. Nf3 {[%emt 0:00:06]} b6 {[%emt 0:00:00]} 4. g3 {[%emt 0:00:26]} Ba6 {[%emt 0:00:00]} 5. b3 {[%emt 0:00:15]} Bb4+ {[%emt 0:00:00]} 6. Bd2 {[%emt 0:00:07]} Be7 {[%emt 0:00:04]} 7. Nc3 {[%emt 0:00:16]} d5 {[%emt 0:00:19]} 8. cxd5 {[%emt 0:01:20]} exd5 {[%emt 0:00:17]} 9. Bg2 {[%emt 0:00:16]} O-O {[%emt 0:00:14]} 10. O-O {[%emt 0:00:05]} Nbd7 {[%emt 0:02:28]} 11. Rc1 {[%emt 0:02:08]} Bb7 {[%emt 0:07:35]} 12. Ne5 {[%emt 0:03:32]} a6 {[%emt 0:10:28]} 13. Bf4 {[%emt 0:04:45]} Re8 {[%emt 0:00:32]} 14. Na4 {[%emt 0:11:54]} Nxe5 {[%emt 0:12:57]} 15. dxe5 {[%emt 0:07:24]} Nh5 {[%emt 0:06:49]} 16. Be3 {[%emt 0:02:25]} g6 {[%emt 0:01:08]} 17. Qc2 {[%emt 0:03:29]} b5 {[%emt 0:13:10]} 18. Qxc7 {[%emt 0:04:19]} Rb8 {[%emt 0:06:47]} 19. Qxd8 {[%emt 0:05:04]} Rexd8 {[%emt 0:03:02]} 20. Nc5 {[%emt 0:02:37]} Bxc5 {[%emt 0:01:14]} 21. Bxc5 {[%emt 0:01:40]} Ng7 {[%emt 0:00:13]} 22. e3 {[%emt 0:03:01]} Ne6 {[%emt 0:01:39]} 23. Be7 {[%emt 0:02:04]} Re8 {[%emt 0:01:35]} 24. Bd6 {[%emt 0:00:37]} Rbc8 {[%emt 0:00:48]} 25. f4 {[%emt 0:02:12]} h5 {[%emt 0:06:34]} 26. h3 {[%emt 0:01:12]} Red8 {[%emt 0:05:25]} 27. g4 {[%emt 0:07:24]} hxg4 {[%emt 0:03:49]} 28. hxg4 {[%emt 0:00:03]} f5 {[%emt 0:00:27]} 29. gxf5 {[%emt 0:00:54]} gxf5 {[%emt 0:00:02]} 30. Kf2 {[%emt 0:02:25]} Kf7 {[%emt 0:01:52]} 31. Bf3 {[%emt 0:03:05]} Ng7 {[%emt 0:01:23]} 32. Rh1 {[%emt 0:02:23]} Ba8 {[%emt 0:04:29]} 33. Rxc8 {[%emt 0:02:32]} Rxc8 {[%emt 0:00:03]} 34. Rh6 {[%emt 0:00:28]} Bc6 {[%emt 0:06:50]} 35. Rf6+ {[%emt 0:02:04]} Kg8 {[%emt 0:00:04]} 36. e6 {[%emt 0:01:57]} Ne8 {[%emt 0:01:24]} 37. Rf8+ {[%emt 0:00:55]} Kg7 {[%emt 0:00:03]} 38. Rf7+ {[%emt 0:00:15]} Kg6 {[%emt 0:00:10]} 39. Be5 {[%emt 0:01:01]} Ra8 {[%emt 0:04:00]} 40. Kg3 {[%emt 0:01:27]} Rd8 {[%emt 0:00:52]} 41. Rf8 {[%emt 0:00:43]} Ra8 {[%emt 0:00:35]} 42. Rg8+ {[%emt 0:00:17]} Kh7 {[%emt 0:00:06]} 43. Rh8+ {[%emt 0:00:05]} Kg6 {[%emt 0:00:08]} 44. Bh5# {[%emt 0:00:04]} 1-0

[Event "2nd Mix Bassano 2021"]
[Site "Bassano del Grappa"]
[Date "2021.03.25"]
[Round "3.8"]
[White "Diermair, Andreas"]
[Black "Yu, Jennifer"]
[Result "1/2-1/2"]
[WhiteElo "2487"]
[BlackElo "2275"]
[Annotator "TA"]
[PlyCount "105"]
[EventDate "2021.03.24"]
[EventType "swiss"]
[EventCountry "ITA"]
[SourceTitle "playchess.com"]
[Source "ChessBase"]
[SourceQuality "1"]

{[%evp 9,105,26,26,20,22,0,29,26,33,23,30,20,29,15,18,4,14,0,0,0,0,0,12,0,7,0,0,0,0,0,49,23,47,59,27,0,0,-64,-65,-61,-56,-75,-75,-75,-75,-79,-61,-62,-68,-79,-77,-77,-83,-87,-87,-75,-31,-31,-32,-127,-124,-172,-168,-166,-155,-175,-139,-139,-157,-302,-302,-299,-299,-562,-555,-326,-10,-18,0,0,0,0,0,-8,-8,-8,0,-584,-580,-584,-580,-554,0,0,0,0,0,0]} 1. d4 d5 2. c4 e6 3. Nc3 a6 4. cxd5 exd5 5. Bf4 Nf6 6. e3 {D31: Queen's Gambit Declined: Semi-Slav without ...Nf6 (+ Marshall Gambit and Noteboom) and Exchange Variation lines without ...Nf6.} Bd6 7. Bg5 Be6 8. Bd3 {White has an edge.} Nbd7 9. Nge2 c6 10. Nf4 Qe7 11. Nh5 Kf8 {[#]} 12. Nxf6 $146 ({Predecessor:} 12. h3 h6 13. Bh4 g5 14. Bg3 Nxh5 15. Bxd6 Qxd6 16. Qxh5 Nf6 17. Qf3 Kg7 18. O-O-O {0-1 (31) Holt,C (2549)-Pantzar,M (2421) Chess.com INT 2020}) 12... Nxf6 13. Qc2 h6 14. Bh4 g5 15. Bg3 Bxg3 16. hxg3 Kg7 17. O-O-O c5 18. dxc5 Rac8 19. Kb1 Rxc5 20. Qa4 Ng4 21. Qd4+ f6 22. e4 dxe4 23. Qxe4 (23. Bxe4 $11 Rc4 24. Qa7) 23... Nxf2 $15 24. Qg6+ Kf8 25. Rxh6 Rxh6 26. Qxh6+ Qg7 27. Qxg7+ Kxg7 28. Re1 $1 {[#]} Bxa2+ $1 29. Kxa2 Nxd3 {[%mdl 4096] Endgame KRN-KRN} 30. Re7+ Kg6 31. Rxb7 Ra5+ 32. Kb1 Rf5 33. Rb6 a5 34. Ne4 (34. Kc2 $15 Nc5 35. Nd1) 34... Nc5 $1 $17 {[%cal Rc5e4]} 35. Nd6 Rf2 36. Rb5 Nd3 37. Ne4 Rxg2 38. Rb6 Kf5 39. Nd6+ (39. Nxf6 $17 {was the only chance.} Rxb2+ 40. Rxb2 Nxb2 41. Ng8) 39... Kg4 $19 40. Nc4 Rf2 ({And not} 40... Kxg3 41. Rb3 $11) ({Not} 40... Rxg3 41. Rxf6 Rf3 42. Rd6 $17) 41. Nxa5 $2 (41. Nd6 {was necessary.}) 41... Kxg3 42. Nc4 {intending Rb3.} f5 $2 (42... Kh4 $19 43. Rb3 Nc5) 43. Rb3 $11 f4 {White must now prevent ...Rf3.} 44. Rxd3+ {KRN-KR} f3 45. b4 Re2 {And now ...g4 would win.} 46. Kc1 g4 47. b5 Kh2 (47... Kf4 {is more complex.} 48. Nd2 f2 49. Nf1 Re1+ 50. Kd2 Rxf1 51. Ke2 Rb1) 48. Rd2 $2 {[%mdl 8192]} (48. Nd2 $11 f2 49. b6) 48... g3 $19 {Hoping for ...Rxd2.} 49. Ne5 Kg2 {Strongly threatening ...Rxd2.} 50. b6 {[#] aiming for b7.} Rxd2 $2 (50... f2 $1 $19 {[%cal Rf2f1][%mdl 512]} 51. Rxe2 Kh3) 51. Kxd2 $11 {The position is equal.} f2 52. b7 f1=Q {( -> ...Qf4+)} 53. b8=Q {Weighted Error Value: White=0.39/Black=0.30} 1/2-1/2

[Event "2nd Mix Bassano 2021"]
[Site "Bassano del Grappa"]
[Date "2021.03.25"]
[Round "3.9"]
[White "Janzelj, Tim"]
[Black "Pasini, Nicolo"]
[Result "1-0"]
[WhiteElo "2468"]
[BlackElo "2220"]
[Annotator "RC"]
[PlyCount "71"]
[EventDate "2021.03.24"]
[EventType "swiss"]
[EventCountry "ITA"]
[SourceTitle "playchess.com"]
[Source "ChessBase"]
[SourceQuality "1"]
[TimeControl "5400+30"]

1. e4 {[%emt 0:02:14]} c5 {[%emt 0:00:00]} 2. Nf3 {[%emt 0:00:10]} Nc6 {[%emt 0:00:00]} 3. Bb5 {[%emt 0:00:12]} g6 {[%emt 0:00:00]} 4. O-O {[%emt 0:00:09]} Bg7 {[%emt 0:00:00]} 5. c3 {[%emt 0:00:31]} Nf6 {[%emt 0:00:01]} 6. Re1 {[%emt 0:00:12]} O-O {[%emt 0:00:07]} 7. d4 {[%emt 0:00:05]} d5 {[%emt 0:00:05]} 8. e5 {[%emt 0:00:05]} Ne4 {[%emt 0:00:06]} 9. Be3 {[%emt 0:00:04]} Qb6 {[%emt 0:05:51]} 10. Bxc6 {[%emt 0:00:31]} bxc6 {[%emt 0:01:18]} 11. Qc1 {[%emt 0:00:16]} Rb8 {[%emt 0:03:34]} 12. b3 {[%emt 0:00:13]} Qa5 {[%emt 0:03:35]} 13. dxc5 {[%emt 0:32:46]} Rxb3 {[%emt 0:04:15]} 14. axb3 {[%emt 0:00:07]} Qxa1 {[%emt 0:00:05]} 15. b4 {[%emt 0:02:38]} Bd7 {[%emt 0:24:46]} 16. Nd4 {[%emt 0:04:39]} Bxe5 {[%emt 0:23:32]} 17. f3 {[%emt 0:00:11]} Nf6 {[%emt 0:01:25]} 18. Nc2 {[%emt 0:00:12]} Qa2 {[%emt 0:00:24]} 19. Bg5 {[%emt 0:12:33]} Bf5 {[%emt 0:08:45]} 20. Rxe5 {[%emt 0:03:07]} Qxc2 {[%emt 0:01:42]} 21. Qxc2 {[%emt 0:00:55]} Bxc2 {[%emt 0:00:07]} 22. Na3 {[%emt 0:07:52]} Nd7 {[%emt 0:00:55]} 23. Rxe7 {[%emt 0:00:07]} Bf5 {[%emt 0:00:05]} 24. g4 {[%emt 0:00:14]} Be6 {[%emt 0:00:10]} 25. Nc2 {[%emt 0:00:09]} a5 {[%emt 0:06:41]} 26. Nd4 {[%emt 0:00:11]} a4 {[%emt 0:01:28]} 27. Nxe6 {[%emt 0:00:58]} fxe6 {[%emt 0:00:14]} 28. Rxd7 {[%emt 0:00:11]} Ra8 {[%emt 0:00:32]} 29. Rd8+ {[%emt 0:02:49]} Rxd8 {[%emt 0:00:07]} 30. Bxd8 {[%emt 0:00:02]} a3 {[%emt 0:00:56]} 31. Bf6 {[%emt 0:00:15]} Kf7 {[%emt 0:00:32]} 32. Be5 {[%emt 0:00:11]} a2 {[%emt 0:00:30]} 33. c4 {[%emt 0:00:06]} dxc4 {[%emt 0:00:08]} 34. Kf2 {[%emt 0:00:24]} c3 {[%emt 0:00:06]} 35. Bxc3 {[%emt 0:00:04]} e5 {[%emt 0:00:06]} 36. Ke3 {[%emt 0:00:21]} 1-0

[Event "2nd Mix Bassano 2021"]
[Site "Bassano del Grappa"]
[Date "2021.03.25"]
[Round "3.10"]
[White "Orfini, Nicolo`"]
[Black "Martin Duque, Jesus"]
[Result "1/2-1/2"]
[WhiteElo "2214"]
[BlackElo "2454"]
[Annotator "TA"]
[PlyCount "103"]
[EventDate "2021.03.24"]
[EventType "swiss"]
[EventCountry "ITA"]
[SourceTitle "playchess.com"]
[Source "ChessBase"]
[SourceQuality "1"]

{[%evp 9,103,3,42,41,35,36,34,35,38,22,59,60,58,40,54,49,48,0,23,15,11,0,0,0,0,0,28,-18,-17,0,15,-30,-37,-28,-17,-25,-12,-13,-14,-15,-15,-18,-16,-6,-16,-73,-70,-40,34,47,58,-15,-14,-12,-13,-13,-7,-34,-35,-38,-29,-28,-41,-70,-43,-47,-45,-108,168,162,138,8,195,211,310,310,310,310,310,310,310,303,302,294,302,301,294,158,279,251,251,168,147,12,12,12]} 1. Nf3 Nf6 2. c4 b6 3. Nc3 Bb7 4. e3 c5 5. Be2 g6 6. O-O {A34: Symmetrical English: 2 Nc3, lines with ...d5.} Bg7 7. d4 cxd4 8. exd4 {White is slightly better.} d5 9. Ne5 {Threatening Qa4+.} O-O 10. Bf3 a6 {[#]} 11. Be3 $146 ({Predecessor:} 11. Re1 Ra7 12. cxd5 Nxd5 13. Qb3 Nxc3 14. bxc3 Bxf3 15. Nxf3 Nc6 16. a4 Na5 17. Qb4 {½-½ (39) Galego,L (2448)-Rakhmanov,A (2654) Llucmajor 2016}) 11... Ra7 12. b3 e6 13. Qc2 Nc6 14. Nxc6 Bxc6 15. b4 Qa8 16. c5 bxc5 17. bxc5 Ne4 18. Na4 f5 {And now ...f4 would win.} 19. Nb6 Qe8 20. Bxe4 fxe4 21. a4 g5 22. Qd1 Qg6 23. Qg4 Qf5 24. Qg3 e5 25. Rad1 h6 26. h3 Raf7 27. dxe5 (27. Rd2 $1 $11 {remains equal.}) 27... Bxe5 $17 28. Qg4 Qg6 ({Better is} 28... Bc3 $15) 29. Nxd5 $14 Bxa4 30. Rb1 (30. Rd2 $1 $14) 30... Bd7 $11 31. Qd1 Bb5 $36 {[%mdl 2048] Threatens to win with ...Qe6. Black has the initiative.} 32. Re1 $1 Kh7 {Black wants to play ...Rd8.} 33. Qg4 (33. Bd4 $5 {[%cal Rd4e5]} Qf5 34. g4 Bh2+ {[%mdl 64] Discovered Attack} 35. Kxh2 Qxd5 36. Kg1 $17) 33... h5 34. Qxg5 Qxg5 35. Bxg5 Rxf2 36. Be7 R8f7 {Hoping for ...Rd2.} 37. Bd6 Bd4 {White must now prevent ...e3!} 38. Kh2 ({White must play} 38. Kh1 $1 $15) 38... Bd3 $2 {[%mdl 8192]} (38... Rg7 $17 {keeps the pressure on.} 39. Bg3 Rf5) 39. Rb4 $18 Bb2 40. Bg3 (40. c6 $16 {c7 is the strong threat.} Ba3 41. c7) 40... Ba3 $2 (40... a5 $11 41. Rb6 Rc2) 41. Bxf2 Bxb4 (41... Rxf2 $142 42. Rb7+ Kh6) 42. Nxb4 Rxf2 {[%mdl 4096] Endgame KRB-KRN} 43. c6 Rf8 44. c7 a5 45. Nd5 Ba6 46. Rxe4 Bb7 {[#]} 47. Rc4 $1 a4 48. Rc2 a3 {[#]} (48... Bxd5 $16 49. c8=Q Rxc8 50. Rxc8 a3) 49. Nb6 $1 h4 50. Nc4 Ra8 {[#] aiming for ...a2.} 51. Nxa3 Rxa3 $11 52. c8=N {Weighted Error Value: White=0.24/Black=0.30} 1/2-1/2

[Event "2nd Mix Bassano 2021"]
[Site "Bassano del Grappa"]
[Date "2021.03.25"]
[Round "4.1"]
[White "Sonis, Francesco"]
[Black "Bellahcene, Bilel"]
[Result "1-0"]
[WhiteElo "2477"]
[BlackElo "2517"]
[Annotator "TA"]
[PlyCount "71"]
[EventDate "2021.03.24"]
[EventType "swiss"]
[EventCountry "ITA"]
[SourceTitle "playchess.com"]
[Source "ChessBase"]
[SourceQuality "1"]

{[%evp 12,71,15,17,10,3,13,4,26,18,23,16,12,10,8,9,33,28,28,10,39,40,25,21,58,52,42,41,114,111,161,158,196,185,189,185,195,188,183,181,210,128,194,186,189,180,199,191,386,382,464,442,590,590,587,576,1292,254,1268,1262,1250,1250]} 1. d4 Nf6 2. c4 e6 3. Nf3 d5 4. Nc3 Bb4 5. Qa4+ Nc6 6. e3 O-O 7. Bd2 dxc4 {D38: Queen's Gambit Declined: Ragozin Defence (4 Nf3 Bb4).} 8. Bxc4 Bd6 9. Nb5 Be7 {The position is equal.} 10. O-O a6 11. Nc3 Bd6 12. h3 e5 13. dxe5 Nxe5 14. Nxe5 Bxe5 15. Qc2 {[#]} Qe7 $146 ({Predecessor:} 15... Re8 16. f4 Bd4 17. Rad1 Ba7 18. Kh2 Be6 19. Bxe6 Rxe6 20. e4 Qe7 21. e5 Ng4+ {1-0 (57) Meiners,E (2394)-Armani,G (2322) ICCF email 2018}) 16. f4 Bxc3 17. Bxc3 ({But not} 17. bxc3 Bd7 $15) 17... Qxe3+ 18. Kh2 $1 Qb6 19. Rf3 {[%mdl 1024] White has compensation.} Re8 {White leaves nothing to chance now.} (19... Qc6 $14 20. Bd3 Kh8) 20. Rg3 $16 {aiming for Rd1.} Bd7 21. Rd1 $36 {[%mdl 2048] White is really pushing.} Rad8 22. Bd4 Qc6 23. Qb3 Kh8 24. Bxf7 Re7 25. Be5 Rf8 26. Bc4 b5 {[#]} (26... Rfe8 $16 {might work better.} 27. Bf7 Rf8) 27. Qb4 $1 $18 Rfe8 28. Bb3 Qb6 29. Qc3 Bf5 $2 (29... Qc6 30. Qxc6 (30. Bxc7 Ne4 $16) 30... Bxc6) 30. Bd4 b4 31. Qc1 ({Inferior is} 31. Bxb6 bxc3 32. Bd4 c2 $11) 31... Qb7 32. Bxf6 gxf6 33. Ba4 Rg8 34. Rxg8+ Kxg8 35. Qc5 {[%mdl 64] [#] Double Attack} Qe4 36. Rd4 {[%mdl 64] Double Attack.  Weighted Error Value: White=0.03/Black=0.29} 1-0

[Event "2nd Mix Bassano 2021"]
[Site "Bassano del Grappa"]
[Date "2021.03.25"]
[Round "4.2"]
[White "Bernadskiy, Vitaliy"]
[Black "Bjerre, Jonas Buhl"]
[Result "1/2-1/2"]
[WhiteElo "2599"]
[BlackElo "2549"]
[Annotator "TA"]
[PlyCount "31"]
[EventDate "2021.03.24"]
[EventType "swiss"]
[EventCountry "ITA"]
[SourceTitle "playchess.com"]
[Source "ChessBase"]
[SourceQuality "1"]

{[%evp 9,31,11,20,12,16,0,0,0,0,0,-4,-19,-4,-12,0,-14,-19,-16,-12,-15,-18,-31,0,-20]} 1. e4 c5 2. Nf3 d6 3. d4 cxd4 4. Qxd4 Nc6 5. Qe3 Nf6 6. Nc3 {B53: Sicilian: 2...d6: Lines with Qxd4.} g6 7. Bc4 Bg7 8. h3 O-O 9. O-O a6 {[#]} 10. Nd5 $146 ({Predecessor:} 10. a4 Be6 11. Bxe6 fxe6 12. Ne2 Qd7 13. Rd1 Rac8 14. Bd2 b5 15. axb5 axb5 16. Ra6 {½-½ (50) Demchenko,A (2632)-Bocharov,D (2528) Khanty-Mansiysk 2020}) 10... b5 11. Nxf6+ Bxf6 12. Bd5 Bb7 13. Rd1 Qc7 14. c3 e6 15. Bb3 Ne5 16. a4 {A rather calm draw.  Weighted Error Value: White=0.06/Black=0.05} 1/2-1/2

[Event "2nd Mix Bassano 2021"]
[Site "Bassano del Grappa"]
[Date "2021.03.25"]
[Round "4.3"]
[White "Shetty, Atulya"]
[Black "Peralta, Fernando"]
[Result "0-1"]
[WhiteElo "2447"]
[BlackElo "2561"]
[Annotator "TA"]
[PlyCount "78"]
[EventDate "2021.03.24"]
[EventType "swiss"]
[EventCountry "ITA"]
[SourceTitle "playchess.com"]
[Source "ChessBase"]
[SourceQuality "1"]

{[%evp 21,78,0,45,-18,-12,-12,-21,-10,-15,-13,-8,-12,-10,-26,-23,-33,-47,-98,-57,-48,-39,-55,-46,-34,-6,-126,-137,-180,-166,-161,-170,-184,-195,-188,-193,-177,-168,-216,-214,-189,-112,-122,-115,-322,-327,-872,-879,-862,-875,-869,-862,-863,-859,-860,-850,-928,-911,-900,-898]} 1. c4 e6 2. g3 Nf6 3. Bg2 d5 4. Nf3 Be7 5. O-O O-O 6. b3 b6 7. Bb2 Bb7 8. e3 dxc4 9. bxc4 c5 10. Qe2 Nc6 11. Nc3 Nb4 12. Ne1 {A14: English Opening: 1...e6 with b3 by White.} ({White should try} 12. d4 $14) 12... Bxg2 $11 13. Kxg2 Qd7 14. a3 {The position is equal.} Nc6 15. f4 {[#]} Rfd8 $146 ({Predecessor:} 15... Rad8 16. Rd1 e5 17. h3 Rfe8 18. g4 exf4 19. Rxf4 Bd6 20. Rxf6 gxf6 21. Nd5 Re6 22. Nxf6+ Rxf6 23. Bxf6 {1-0 (49) Ashomkin,M (1989)-Tikhonov,V (1860) Irkutsk 2010}) 16. Rd1 a6 17. a4 Ne8 18. Ba1 Bf6 19. g4 (19. Nf3 $15) 19... Nb4 20. Nf3 Nd3 21. g5 Bxc3 22. dxc3 b5 23. axb5 (23. Ne5 $1 $11 {was the only way to keep the balance.} Qb7+ 24. Qf3 Qxf3+ 25. Kxf3 Nxe5+ 26. fxe5) 23... axb5 $17 24. cxb5 Qxb5 25. c4 Qxc4 {Strongly threatening ...Nxf4+!} 26. Rd2 Qe4 27. Kg1 Rd5 28. Be5 Ra3 {[%cal Ba8a3,Ba3b3,Bb3b8][%mdl 32]} 29. Bb2 Rb3 30. Ba1 Nd6 ({Black should play} 30... Nb4 $19 31. Re1 Nd3) 31. Ra2 {Intending Ra8+ and mate.} Rb8 $36 {[%mdl 2048] Black is on the roll.} 32. Nd2 $2 {[#] This move loses the game for White.} (32. Be5 $17) 32... Nxf4 $1 $19 {[%mdl 512]} 33. Rxf4 (33. Nxe4 Nxe2+ 34. Kf2 Nxe4+ 35. Kxe2) 33... Rxg5+ {Black is clearly winning.} 34. Kf2 Qh1 {( -> ...Rg2+)} 35. Rg4 Qxh2+ 36. Ke1 Qxe2+ 37. Kxe2 Rxg4 38. Be5 Rg2+ 39. Kd1 {[#]} Ne4 $1 {Weighted Error Value: White=0.41/Black=0.08} 0-1

[Event "2nd Mix Bassano 2021"]
[Site "Bassano del Grappa"]
[Date "2021.03.25"]
[Round "4.4"]
[White "Moroni, Luca Jr"]
[Black "Tomazini, Zan"]
[Result "1-0"]
[WhiteElo "2552"]
[BlackElo "2416"]
[Annotator "TA"]
[PlyCount "63"]
[EventDate "2021.03.24"]
[EventType "swiss"]
[EventCountry "ITA"]
[SourceTitle "playchess.com"]
[Source "ChessBase"]
[SourceQuality "1"]

{[%evp 9,63,30,46,43,43,50,40,42,51,52,94,78,92,54,118,109,129,135,133,156,313,302,385,328,384,385,422,370,471,387,353,376,379,318,718,716,755,738,740,726,740,709,736,731,872,878,843,816,2225,931,29987,29988,29988,29989,29990,29991]} 1. d4 g6 2. e4 Bg7 3. Nc3 d6 4. Be3 a6 5. g4 b5 6. Bg2 {B06: Modern Defence.} Bb7 7. h4 Nd7 8. h5 {White is slightly better.} c5 9. h6 {[#]} Bf8 $146 ({Predecessor:} 9... Bf6 10. g5 Bxd4 11. Bxd4 cxd4 12. Qxd4 e5 13. Qd2 Nb6 14. b3 Ne7 15. O-O-O Qc7 {1-0 (36) Najer,E (2648)-Chigaev,M (2619) Chess.com INT 2020}) 10. g5 e6 11. Qd2 Nb6 {[#]} (11... b4 $14) 12. b3 $1 $16 {[%cal Bb2b3,Bb3b4][%mdl 32]} Rc8 13. Nge2 Ne7 14. O-O c4 $2 {Black cannot hold the game after this.} (14... b4 $16) 15. d5 $18 e5 16. b4 Ng8 17. f4 Be7 18. Bh3 Ra8 19. Rf2 Bc8 20. Bxc8 Nxc8 21. Raf1 f6 $2 {[#]} (21... Qd7 22. fxe5 dxe5) 22. fxe5 dxe5 23. d6 Nxd6 24. Qd5 Nf7 25. Qc6+ Kf8 26. Nd5 Rc8 27. Qxa6 Ra8 28. Qc6 Ra3 29. c3 (29. Nxe7 $142 Rxe3 30. Rxf6 Nxf6 31. Qxf6) 29... Rxa2 30. Nxe7 {White mates.} Nxe7 31. Qxf6 {[%csl Gf1,Gf2][%cal Rf6f7]} Nf5 32. Bc5+ {Weighted Error Value: White=0.11/Black=0.74} 1-0

[Event "2nd Mix Bassano 2021"]
[Site "Bassano del Grappa"]
[Date "2021.03.25"]
[Round "4.5"]
[White "Schreiner, Peter"]
[Black "Niemann, Hans Moke"]
[Result "1-0"]
[WhiteElo "2445"]
[BlackElo "2526"]
[Annotator "TA"]
[PlyCount "105"]
[EventDate "2021.03.24"]
[EventType "swiss"]
[EventCountry "ITA"]
[SourceTitle "playchess.com"]
[Source "ChessBase"]
[SourceQuality "1"]

{[%evp 19,105,17,14,0,0,-38,-42,-31,7,0,22,10,6,10,16,8,10,8,8,8,7,7,8,8,8,8,8,8,8,8,9,0,8,8,8,8,30,0,0,0,4,4,4,4,4,4,4,4,4,4,7,8,625,596,3102,2572,2912,3139,2503,2605,2249,0,29967,29963,29967,12609,29971,29973,29979,29980,29980,29980,29980,29981,29984,29985,29985,29986,29987,29988,29988,29989,29989,29990,29990,29990,29990,29991]} 1. d4 Nf6 2. c4 e6 3. g3 c5 4. Nf3 cxd4 5. Nxd4 d5 6. Bg2 e5 7. Nf3 d4 8. O-O Nc6 9. e3 Be7 10. exd4 exd4 11. Re1 {E01: Catalan: Early deviations.} O-O 12. Ne5 Nxe5 13. Rxe5 {Black is slightly better.} Qc7 {[#]} 14. Re1 $146 ({But not} 14. Qxd4 Rd8 $17) ({Predecessor:} 14. Re2 Bg4 15. f3 Be6 16. b3 Bc5 17. Kh1 d3 18. Rd2 Bf5 19. Ba3 Bd4 20. Bxf8 Rxf8 {0-1 (32) Li,Y (2029)-Guo,Q (2404) Zibo 2017}) 14... Bb4 15. Bd2 Qxc4 16. Qa4 {And now Na3 would win.} a5 {[#]} 17. Na3 $1 Qc5 18. Bxb4 Qxb4 19. Qxb4 axb4 20. Nc2 b3 21. axb3 Rxa1 22. Rxa1 Rd8 23. Rd1 d3 24. Ne3 Kf8 25. Rd2 g6 26. Bf1 Be6 27. Rxd3 Ra8 28. Bg2 Ra1+ 29. Rd1 Rxd1+ 30. Nxd1 Bxb3 $11 {[%mdl 4096] Endgame KBN-KBN} 31. Ne3 b5 32. Kf1 Ke7 33. Ke2 Kd6 34. Kd3 Kc5 35. Kc3 Bd5 {[%mdl 8192] White leaves nothing to chance now.} (35... Be6 $11) 36. Nxd5 $18 Nxd5+ 37. Bxd5 Kxd5 {KP-KP} 38. Kb4 Kc6 39. Ka5 Kc5 {[#]} 40. b3 $2 ({White must play} 40. g4 $1 $18 g5 41. b3) 40... h5 $2 {[%mdl 8192]} (40... f5 $11) 41. f4 f6 42. h3 h4 43. gxh4 {White mates.} f5 44. h5 gxh5 {[#] K3P-K3P} 45. b4+ $1 Kd5 46. Kxb5 {K3P-KPP} Ke4 47. Kc5 Kxf4 {KPP-KPP} 48. b5 Kg3 49. b6 f4 50. b7 f3 51. b8=Q+ Kxh3 52. Qf4 Kg2 53. Qg5+ {Weighted Error Value: White=0.17/Black=0.57} 1-0